¡Cometa al menos un error por semana! : (Registro nro. 68041)
[ vista simple ]
| 000 -LÍDER | |
|---|---|
| Campo fijo de descripción fija | 01181nab a2200205 i 4500 |
| 001 - NÚMERO DE CONTROL | |
| Campo de control | 768714001 |
| 003 - IDENTIFICADOR DEL NÚMERO DE CONTROL | |
| Campo de control | CO-MdFUSB |
| 005 - FECHA Y HORA DE LA ULTIMA TRANSACCIÓN | |
| control field | 20240424125749.0 |
| 008 - ELEMENTOS DE LONGITUD FIJA -- INFORMACIÓN GENERAL | |
| Campo fijo de descripción fija -- Información general | 220805t2005 ck a|||| |||| 00| 0 spa d |
| 022 ## - NÚMERO INTERNACIONAL NORMALIZADO PARA PUBLICACIONES SERIADAS | |
| Número Internacional Normalizado para Publicaciones Seriadas | 14091968 |
| 040 ## - FUENTE DE CATALOGACIÓN | |
| Idioma de catalogación | spa |
| Agencia que realiza la transcripción | CO-MdFUSB |
| 041 ## - CÓDIGO DE IDIOMA | |
| Código de idioma para texto/pista de sonido o título separado | spa |
| 100 ## - ASIENTO PRINCIPAL--NOMBRE PERSONAL | |
| Nombre personal | Warren, Rick, |
| Término relacionador | autor |
| 245 1# - TÍTULO | |
| Título | ¡Cometa al menos un error por semana! : |
| Subtitulo | cada líder y miembro de nuestras iglesias deben aprender a tomar riesgos por Cristo en sus ministerios. |
| Mención de responsabilidad | / Rick Warren |
| 300 ## - DESCRIPCIÓN FÍSICA | |
| Extensión | Volumen 22, número 3 (abril - junio, 2005), páginas: 8 - 9 |
| Dimensiones | ; 27 cm |
| 520 ## - NOTA DE RESUMEN, ETC. | |
| Nota de sumario, etc. | ¿Estamos dispuestos a creerle a Dios por grandes cosas? si la respuesta es "si", entonces automáticamente nos convertimos en "socios" del riesgo, hombres y mujeres que confían en Dios y viven por la fe, no por la vista. Cuando enseñamos a nuestra gente a tomar riegos, estamos enseñándoles a desarrollar su fe en Dios. <br/>Si no nos arriesgamos en nuestros ministerios, entonces realmente no estamos ni ejercitando nuestra fe ni obrando con fe. |
| 650 #0 - ASIENTO SECUNDARIO DE MATERIA - TERMINO TEMÁTICO | |
| 9 (RLIN) | 2014 |
| Término temático o nombre geográfico como elemento de entrada | Liderazgo |
| 773 0# - ASIENTO DE ITEM FUENTE | |
| Biblionumber | 49442 |
| Itemnumber | 60138 |
| Parte(s) relacionada(s) / Volumen., número. (mes año), páginas | Volumen 22, número 3 (abril - junio, 2005), páginas: 8 - 9 |
| Enumeración y primera página | página: 8 |
| 942 ## - TIPO DE MATERIAL (KOHA) | |
| Tipo de Item KOHA | Artículos de Revista |
No hay ítems disponibles.
